000 00609nam a2200229Ia 4500
005 20260320201845.0
008 008 262003s9999 xx 000 0 eng d
037 _aEBOOK
040 _aCRL
040 _beng
040 _cCRL
041 _2eng
041 _aeng
084 _qCRL
100 _aAuffarth
_91136134
245 0 _aGenerative AI with LangChain: Build large language model (LLM) apps with Python, ChatGPT, and other LLMs
260 _bIEEE
856 _uhttps://ieeexplore.ieee.org/servlet/opac?bknumber=10718332
942 _cEBOOK
999 _c1723929
_d1723929